000
00328nam a2200145Ia 4500
100
_a
Mehta V.G/ Mehta N. V.
650
_a
General
942
_c
BK
654
_a
Income tax
245
_a
Income-tax ready reckoner
260
_b
Shri kuber publication
_a
Bombay
_c
1982
082
_a
343.052
300
_a
320
546
_a
ENGLISH
999
_c
29352
_d
29352